000
00352nam a2200157Ia 4500
100
_a
Cunningham/D.R.
650
_a
Electrical Engineering
942
_c
RB
654
_a
circuit Analysis
245
_a
Basic circuit Analysis
260
_b
Jaico Pub
_a
Bombay
_c
1993
082
_a
621.38132
_b
PAN
300
_a
881
546
_a
ENGLISH
999
_c
33169
_d
33169